Applied Electricity / (Record no. 180405)

000 -LEADER
fixed length control field 00834 a2200169 4500
003 - CONTROL NUMBER IDENTIFIER
control field Nust
005 - DATE AND TIME OF LATEST TRANSACTION
control field 20230718133240.0
040 ## - CATALOGING SOURCE
Transcribing agency Nust
082 ## - DEWEY DECIMAL CLASSIFICATION NUMBER
Classification number 621.31,HUG
100 ## - MAIN ENTRY--PERSONAL NAME
Personal name Hughes, Edward
9 (RLIN) 40966
245 ## - TITLE STATEMENT
Title Applied Electricity /
Statement of responsibility, etc. Edward Hughes
260 ## - PUBLICATION, DISTRIBUTION, ETC.
Place of publication, distribution, etc. Longmans
Name of publisher, distributor, etc. New York
Date of publication, distribution, etc. 1953
300 ## - PHYSICAL DESCRIPTION
Extent 411 p.
505 ## - FORMATTED CONTENTS NOTE
Formatted contents note Electromagnetism (Page-1), Electrostatics (Page-48), D.C. Generators and Motors (Page-82), Single-Phase Circuits (Page-120), Three-Phase Circuits (Page-166), Transformers (Page-194), Alternators (Page-240), Production of a Rotating Magnetic Field (Page-255), Alternators (Page-262), Synchronous Motors (Page-278), Induction Motors (Page-285), Thermionic (Page-305), Electric Lamps and Illumination (Page-351), Symbolic Notation (Page-376).
650 ## - SUBJECT ADDED ENTRY--TOPICAL TERM
Topical term or geographic name entry element Electricity
9 (RLIN) 39895
942 ## - ADDED ENTRY ELEMENTS (KOHA)
Source of classification or shelving scheme
Koha item type Book
Call number prefix 621.31,HUG
Holdings
Withdrawn status Lost status Source of classification or shelving scheme Damaged status Not for loan Permanent Location Current Location Shelving location Date acquired Full call number Barcode Date last seen Price effective from Koha item type Public note
          Military College of Signals (MCS) Military College of Signals (MCS) General Stacks 12/12/2016 621.31,HUG MCS6959 12/08/2016 12/12/2016 Book Almirah No 88, Shelf No 2
© 2023 Central Library, National University of Sciences and Technology. All Rights Reserved.